000 00385nam a22001217a 4500
008 230609b xxu||||| |||| 00| 0 eng d
082 _a354.676
_bGOK
110 _bGOK
245 _a2016/2017 Estimates of Development Expenditure of the GoK for the year ending 30th June 2017
_bVolume 1
_cVotes D1011-D1064
_hJune 2016
260 _aKenya
_bGOK
_cJune 2016
300 _a524P
942 _2ddc
_cBK
999 _c959
_d959